| 000 -LEADER |
| fixed length control field |
02325cam a2200181 i 4500 |
| 020 ## - INTERNATIONAL STANDARD BOOK NUMBER |
| ISBN |
9780415727952 (hardback) |
| 040 ## - CATALOGING SOURCE |
| Transcribing agency |
DLC |
| 082 00 - DEWEY DECIMAL CLASSIFICATION NUMBER |
| Classification number |
338 FOO 1999 C161 Or |
| 245 04 - TITLE STATEMENT |
| Title |
The Routledge handbook of planning research methods / |
| 300 ## - PHYSICAL DESCRIPTION |
| Number of Pages |
xlii, 529 pages : |
| Other physical details |
illustrations ; |
| Dimensions |
26 cm |
| 520 ## - SUMMARY, ETC. |
| Summary, etc |
"The Routledge Handbook of Planning Research Methods is an expansive look at the traditions, methods, and challenges of research design and research projects in contemporary urban planning. Through case studies, an international group of researchers, planning practitioners, and planning academics and educators, all recognized authorities in the field, provide accounts of designing and implementing research projects from different approaches and venues. This book shows how to apply quantitative and qualitative methods to projects, and how to take your research from the classroom to the real world. The book is structured into sections focusing on Beginning planning research Research design and development Rediscovering qualitative methods New advances in quantitative methods Turning research into action With chapters written by leading scholars in spatial planning, The Routledge Handbook of Planning Research Methods is the most authoritative and comprehensive handbook on the topic, providing both established and ground breaking coverage of spatial planning research methods. The book is an invaluable resource for undergraduate and graduate level students, young professionals and practitioners in urban, regional, and spatial planning. "-- |
| 520 ## - SUMMARY, ETC. |
| Summary, etc |
"The Routledge Handbook of Planning Research Methods is an expansive look at the traditions, methods, and challenges of research design and research projects in contemporary urban planning. Through case studies, an international group of researchers, planning practitioners, and planning academics and educators provide accounts of designing and implementing research projects from different approaches and venues. This book shows how to apply quantitative and qualitative methods to projects, and shows how to take your research from the classroom to the real world"-- |
| 650 #0 - SUBJECT ADDED ENTRY--TOPICAL TERM |
| Topical Term |
City planning |
| 650 #0 - SUBJECT ADDED ENTRY--TOPICAL TERM |
| Topical Term |
City planning |
| 650 #7 - SUBJECT ADDED ENTRY--TOPICAL TERM |
| Topical Term |
POLITICAL SCIENCE / Public Policy / Social Policy. |
| 700 1# - ADDED ENTRY--PERSONAL NAME |
| Personal name |
Silva, Elisabete A. |
| 942 ## - ADDED ENTRY ELEMENTS (KOHA) |
| Koha item type |
ADB |
| 952 ## - LOCATION AND ITEM INFORMATION (KOHA) |
| Withdrawn status [LOCAL, KOHA] |
0 |